The unsung hero

Bibliographic Details
Main Author: Melur Jelita (Author)
Other Authors: Anida Daud (Editor)
Format: Book
Language:Malay
Published: Puchong, Selangor : Anggun Melor Sdn. Bhd 2019
Edition:Legacy edition
Subjects:

MARC

LEADER 00000cam a2200000 7i4500
001 0000030159
005 20221004.0
008 220928 my may
020 |a 9789671537299 
040 |a INS   |b eng   |e rda 
090 0 0 |a PL5136.M45   |b U54 2019 
100 0 |a Melur Jelita ,   |e author 
245 1 0 |a The unsung hero   |c Melur Jelita   |f editor: Anida Daud 
250 |a Legacy edition 
264 1 |a Puchong, Selangor :   |b Anggun Melor Sdn. Bhd   |c 2019 
300 |a 1152 pages ;   |c 19 cm. 
336 |a text  |2 rdacontent 
337 |a unmediated  |2 rdamedia 
338 |a volume  |2 rdacarrier 
650 0 |a Malay fiction 
650 0 |a Malaysian fiction (Malay) 
700 0 |a Anida Daud ,   |e editor 
999 |a 1000004632   |b BOOK   |c Open Shelf   |e Default branch